|
|
|
|
| LEADER |
00000cas a22000007a 4500 |
| 005 |
20110823113840.0 |
| 008 |
071106c20059999spcbr|p s 0 0spa c |
| 022 |
|
|
|a 1699-2938
|
| 035 |
|
|
|a 5667
|
| 040 |
|
|
|d vLex
|
| 090 |
|
|
|c 2248
|d 2248
|
| 245 |
1 |
0 |
|a IUSLabor
|h [Recurso electrn̤ico]
|
| 256 |
|
|
|a Servicio en ln̕ea.
|
| 260 |
|
|
|a Barcelona :
|b Universitat Pompeu Fabra, °rea de dret del Treball:,
|c 2005-
|
| 310 |
|
|
|a Semestral,
|b 2007-
|
| 321 |
|
|
|a Trimestral
|
| 362 |
0 |
|
|a Nm︢. 1 (2005)-
|
| 500 |
|
|
|a IUSLabor quiere ser un espacio de referencia en la reflexin̤ juridico-laboral nacional e internacional y un instrumento para la comprensin̤ y debate de las consecuencias que en el Derecho del trabajo y en las relaciones laborales tienen los procesos de globalizacin̤ y revolucin̤ tecnolg̤ica de las empresas.
|
| 506 |
1 |
|
|a Contenido solo disponible en los productos indicados
|d vLex Global
|d vLex Global (Academic Edition, excluding Law Schools)
|d vLex Global (U.S. Academic Edition, Law Schools)
|d vLex Global (U.S. Academic Edition, excluding Law Schools)
|d vLex Global (Academic Edition, Law Schools)
|
| 650 |
0 |
4 |
|a Derecho laboral
|x Revistas
|
| 740 |
0 |
|
|a vLex Revistas (Servicio en ln̕ea)
|
| 856 |
|
|
|u http://vlex.com/source/iuslabor-5667
|z Acceso restringido
|
| 942 |
|
|
|c REV
|